000 00825nam a2200253 a 4500
003 OSt
005 20130628134819.0
008 130628s1993 sz ||||| |||| 00| 0 spa d
020 _a92 4 320834 9
040 _cBiblioteca Medicina
041 _aspa
082 _aOMS IT 834
110 _aOrganizacion Mundial de la Salud
_91006
245 0 0 _aComite de Expertos de la OMS en especificaciones para las preparaciones terapeuticas.
_b33° Informe
250 _a1° ed.
260 _aGinebra
_bOrganizacion Mundial de la Salud
_c1993
300 _a30 p.
440 0 0 _aInformes Tecnicos
_92462
653 _aINDUSTRIA FARMACEUTICA
653 _aDROGAS-NORMAS
653 _aCONTROL DE CALIDAD
942 _2ddc
_cPH
999 _c1534
_d1534
952 _pH0054
_40
_00
_bBFM
_10
_oOMS IT 834
_d2013-06-28
_tEj. 1
_8NFIC
_70
_cCR
_2ddc
_yPH
_aBFM